Famous Works of Literature and Their Authors - Statistics

General Stats
  • This quiz has been taken 780 times
  • The average score is 30 of 45
Answer Stats
Hint Answer % Correct
Sense and Sensibility Jane Austen
97%
Pride and Prejudice Jane Austen
97%
Jane Eyre Charlotte Bronte
94%
Wuthering Heights Emily Bronte
94%
1984 George Orwell
93%
A Christmas Carol Charles Dickens
92%
The Great Gatsby F. Scott Fitzgerald
90%
The Adventures of Huckleberry Finn Mark Twain
90%
To Kill a Mockingbird Harper Lee
87%
The Picture of Dorian Gray Oscar Wilde
85%
Dracula Bram Stoker
84%
Crime and Punishment Fyodor Dostoyevsky
83%
Little Women Louisa May Alcott
82%
Brave New World Aldous Huxley
81%
The Catcher in the Rye J.D. Salinger
80%
The Grapes of Wrath John Steinbeck
78%
Lolita Vladimir Nabokov
77%
The Metamorphosis Franz Kafka
76%
Moby Dick Herman Melville
76%
Don Quixote Miguel de Cervantes
76%
The Count of Monte Cristo Alexandre Dumas
73%
Mrs Dalloway Virginia Woolf
71%
The Scarlett Letter Nathaniel Hawthorne
69%
Robinson Crusoe Daniel Defoe
68%
Heart of Darkness Joseph Conrad
68%
Lord of the Flies William Golding
68%
On the Road Jack Kerouac
67%
The Sun Also Rises Ernest Hemingway
66%
Fahrenheight 451 Ray Bradbury
66%
Slaughterhouse-Five Kurt Vonnegut
65%
The Stranger Albert Camus
61%
Middlemarch George Eliot
61%
Madame Bovary Gustave Flaubert
60%
The Strange Case of Dr Jekyll and Mr Hyde Robert Louis Stevenson
59%
Catch-22 Joseph Heller
57%
The Sound and the Fury William Faulkner
51%
Brideshead Revisited Evelyn Waugh
41%
A Passage to India E.M. Forster
40%
The Invisible Man H.G. Wells
40%
In Search of Lost Time Marcel Proust
40%
Invisible Man Ralph Ellison
36%
The Age of Innocence Edith Wharton
35%
Things Fall Apart Chinua Achebe
31%
Nausea Jean Paul Sartre
31%
Sister Carrie Theodore Dreiser
11%
No matching quizzes found
Score Distribution
Percent of People with Each Score
Percentile by Number Answered
Your Score History
You have not taken this quiz